LEADER 01235nam a2200253 i 4500 001 000000063642 003 CaOOAMICUS 005 20130404000000.0 008 130404s1947 xx u000 u dut u 013 $a34814 040 $aSeMil$bita 100 1 $aKol, Alphons : van .$0(OLS)http://semarc/name/12291 245 10$aChristus' plaats in S. Thomas' moraalsysteem :$been onderzoek van de prima secundae /$cAlph. van Kol. 260 $aRoermond-Maaseik :$bJ. J. Romen & Zonen,$c1947. 300 $a143 p. ;$c25 cm. 490 0 $aBijdragen-Bibliotheek ;$v1 500 $aTesto in olandese con riassunto in francese. 650 4$aTommaso : d'Aquino . Summa theologiae.$0(OLS)http://semarc/subject/340 650 4$aTommaso : d'Aquino - Cristologia.$0(OLS)http://semarc/subject/10801 830 0$aBijdragen-Bibliotheek ;$v1.$0(OLS)http://semarc/title/38462 850 $aSeMil 852 $aSeMil$W1$xVenegono$y1$m2M IV 49$j29795$B29795$CSeMilBibl$Z2$F29798 $81 996 $6245$aChristus' plaats in S. Thomas' moraalsysteem :$been onderzoek van de prima secundae$9(OLS)http://semarc/title/100601 996 $6260$aRoermond-Maaseik :$bJ. J. Romen & Zonen$9(OLS)http://semarc/publisher/42477 LEADER 01152nam a2200277 i 4500 001 000000111072 003 CaOOAMICUS 005 20030103000000.0 008 030103s1990 it u000 u ita u 013 $a83753 020 $a88-308-0456-8 040 $aSeMil$bita 100 1 $aCarretto, Carlo,$d<1910-1988>.$0(OLS)http://semarc/name/8069 245 10$aEl-Abiodh :$bdiario spirituale : 1954-1955 /$cCarlo Carretto ; a cura di Gian Carlo Sibilia. 260 $aAssisi :$bCittadella,$ccopyr. 1990. 300 $a200 p. :$bill. ;$c20 cm. 500 $aFondo Card. C.M. Martini. 650 4$aCarretto, Carlo <1910-1988> - Diari e memorie.$0(OLS)http://semarc/subject/19818 700 1 $aSibilia, Gian Carlo.$0(OLS)http://semarc/name/46550 850 $aSeMil 852 $aSeMil$W1$xVenegono$y1$m3F III 227$j66907$B66907$CSeMilBibl$Z2$F93696 $81 941 1 $a4 961 $aOmaggio: Martini Card. Carlo Maria 996 $6020$a88-308-0456-8$9(OLS)http://semarc/number/93084 996 $6245$aEl-Abiodh :$bdiario spirituale : 1954-1955$9(OLS)http://semarc/title/161568 996 $6260$aAssisi :$bCittadella$9(OLS)http://semarc/publisher/29661